000 004320000a22001690004500
999 _c47506
_d47506
001 259
003 CO-MdFUSB
005 20180207181901.0
008 180207b xxu||||| |||| 00| 0 eng d
040 _cCO-MdBIC
082 0 4 _a306 P432ci
110 1 _aPersoneria de Medellín
245 1 0 _aLo que el ciudadano debe conocer / Personeria de Medellín
260 _aMedellín : Divegraficas Ltda.
300 _a110 P.
942 _cLGB